Účtovné informácie prezentované v konsolidovanej účtovnej závierke

Konsolidovaná účtovná závierka v porovnaní s individuálnou účtovnou závierkou. Konsolidovaná účtovná závierka ako dôležitý zdroj informácií pre investorov a banky. Všeobecné predpoklady na zostavenie konsolidovanej účtovnej závierky. Všeobecné náležitosti konsolidovanej účtovnej závierky. Štruktúra...

Description complète

Enregistré dans:
Détails bibliographiques
Auteur principal: Hornická, Renáta, 1977-
Format: Chapitre de livre
Langue:slovaque
Sujets:
Tags: Ajouter un tag
Pas de tags, Soyez le premier à ajouter un tag!

MARC

LEADER 00000naa$a2200000$$$4500
001 0249612
005 20240502074007.6
041 0 |a slo 
044 |a SK 
245 1 0 |a Účtovné informácie prezentované v konsolidovanej účtovnej závierke  |c Renáta Hornická 
520 |a Konsolidovaná účtovná závierka v porovnaní s individuálnou účtovnou závierkou. Konsolidovaná účtovná závierka ako dôležitý zdroj informácií pre investorov a banky. Všeobecné predpoklady na zostavenie konsolidovanej účtovnej závierky. Všeobecné náležitosti konsolidovanej účtovnej závierky. Štruktúra a obsah konsolidovanej účtovnej závierky. 
610 2 0 |a závierka účtovná konsolidovaná 
610 2 0 |a jednotka účtovná 
610 2 0 |a spoločnosti materské 
610 2 0 |a štandardy účtovné medzinárodné 
610 2 0 |a legislatíva 
610 2 0 |a výkaz ziskov a strát 
610 2 0 |a súvaha 
610 2 0 |a cash flow 
100 1 |a Hornická, Renáta, 1977-